Die 17 tödlichsten Tiere - Statistiken

Allgemein
  • Dieses Quiz wurde 247 mal gespielt
  • Das Durchschnittsergebnis liegt bei 9 aus 19
Antwortstatistiken
# Todesopfer Tier % Korrekt
17 6 Haie
87%
2 60.000 Schlangen
87%
12 100 Löwen
84%
14 50 Tiger
81%
12 100 Elefanten
65%
10 1.000 Krokodile
65%
11 500 Nilpferde
63%
4 17.400 Hunde
62%
1 830.000 Stechmücken/Moskito
59%
15 40 Quallen
54%
7 3.500 Skorpione
46%
16 19 Wölfe
44%
13 60 Bienen
31%
7 3.500 Tsetse-Fliegen
14%
9 1.600 Bandwürmer
9%
6 4.400 Süsswasserschnecken
8%
5 8.000 Raubwanze
5%
3 24.200 Sandmücken
0%
8 2.700 Spulwürmer
0%
Keine übereinstimmenden Quizze gefunden
Verteilung der Resultate
Anzahl Personen mit jedem Resultat
Perzentil nach korrekt beantworteten Fragen
Ihre Resultats-Entwicklung
Sie haben dieses Quiz noch nicht gespielt